Ookiku Furikabutte (Big Windup) Characters - Statistics

General Stats
  • This quiz has been taken 36 times
  • The average score is 24 of 84
Answer Stats
Team Description Character % Correct
Nishiura # 2 (Catcher) Abe Takaya
96%
Nishiura Coach Momoe Maria
96%
Nishiura # 1 (Pitcher) Mihashi Ren
93%
Nishiura # 9 (Right fielder) Hanai Azusa
86%
Mihoshi # 9 (Pitcher) Kanō Shūgo
86%
Musashino # 10 (Pitcher) Haruna Motoki
75%
Nishiura Manager Shinooka Chiyo
75%
Nishiura # 5 (Third baseman) Tajima Yūichirō
75%
Tosei # 10 (Pitcher) Takase Junta
75%
Nishiura Ouendan founder Hamada Yoshirō
71%
Bijou Dai Sayama # 4 (Second baseman) Yano Atsushi
71%
Nishiura Dog Ai
68%
Nishiura # 7 (Left fielder) Mizutani Fumiki
68%
Mihoshi # 5 (Catcher) Hatake Atsushi
64%
Nishiura # 8 (Center fielder) Izumi Kōsuke
64%
Nishiura # 4 (Second baseman) Sakaeguchi Yūto
64%
Mihoshi # 4 (First baseman) Oda Hiroyuki
61%
Cousin Mihashi's cousin Ruri
61%
Tosei # 18 (Reserve catcher) Nakazawa Riō
54%
Nishiura # 10 (Reserve) Nishihiro Shintarō
54%
Sibling Abe's brother Shun
54%
Nishiura # 6 (Shortstop) Suyama Shōji
54%
Musashino # 12 (Catcher) Akimaru Kyohei
50%
Tosei # 2 (Catcher) Kawai Kazuki
50%
Nishiura # 3 (First baseman) Oki Kazutoshi
50%
Sakitama # 2 (Catcher) Sakura Daichi
50%
Bijou Dai Sayama Assistant coach Nakazawa Roka
43%
Sakitama # 1 (Pitcher) Ichihara Yutaka
36%
Sibling Hanai's sister 1 Haruka
32%
Bijou Dai Sayama # 2 (Catcher) Takeshi Kurata
32%
Tosei # 14 (Shortstop) Aoki Takehiko
29%
Musashino # 1 (Pitcher) Kaguyama Naoto
29%
Sibling Hanai's sister 2 Asuka
25%
Sakitama # 3 (First baseman) Sawamura Masoto
25%
Nishiura Supervisor Shiga Tsuyoshi
25%
Tosei # 4 (Second Baseman) Shimazaki Shingo
25%
Parent Hanai's mother Kikue
21%
Parent Mihashi's mother Naoe
21%
Tosei # 17 (Third baseman) Mashiba Jin
18%
Musashino # 6 (Third baseman) Ookawa
18%
Mihoshi # 3 (Shortstop) Yoshi
18%
Parent Izumi's mother Keiko
14%
Musashino Manager Miyashita Suzune
14%
Bijou Dai Sayama Coach Takii Tomoya
14%
Tosei # 8 (Center fielder) Yamanoi Keisuke
14%
Parent Suyama's mother Eiko
11%
Mihoshi # 2 (Center fielder) Hiiragi
11%
Nishiura Male member 2 Kajiyama Riki
11%
Bijou Dai Sayama # 6 (Shortstop) Kawashima Kou
11%
Mihoshi # 1 (Second baseman) Miyagawa
11%
Nishiura Female member 2 Ogawa Mia
11%
Nishiura Male member 1 Umehara Keisuke
11%
Bijou Dai Sayama # 8 (Center fielder) Wada Makoto
11%
Bijou Dai Sayama # 9 (Right fielder) Miyata Naomasa
7%
Sakitama # 6 (Shortstop) Oyama Hiroki
7%
Parent Abe's father Takashi
7%
Nishiura Drum Fukami Chika
4%
Sakitama # 7 (Left fielder) Furusawa Atsushi
4%
Mihoshi # 6 (Right fielder) Kadota
4%
Parent Mizutani's mother Kiyoe
4%
Musashino # 2 (Catcher) Machida
4%
Tosei # 9 (Right fielder) Maekawa Toshihiko
4%
Nishiura Trumpet 1 Matsuda Yoshiyuki
4%
Tosei (Left fielder) Matsunaga Masaya
4%
Mihoshi # 8 (Third baseman) Matsuoka
4%
Parent Abe's mother Misae
4%
Parent Tajima's mother Miwako
4%
Parent Mihashi's father Reiichi
4%
Sakitama # 5 (Third baseman) Sugita Toru
4%
Mihoshi # 7 (Left fielder) Taguchi
4%
Parent Shinooka's mother Etsuko
0%
Sakitama # 4 (Second baseman) Harada Reiichi
0%
Bijou Dai Sayama # 5 (Third baseman) Ishikawa Tetsurou
0%
Sakitama # 8 (Center fielder) Kamimura Ryoichi
0%
Bijou Dai Sayama # 10 (Pitcher) Kashima Takumi
0%
Parent Nishihiro's mother Kazumi
0%
Bijou Dai Sayama # 7 (Left fielder) Kitamura Kentarou
0%
Parent Oki's mother Kumiko
0%
Bijou Dai Sayama # 3 (First baseman) Matsushita Takamitsu
0%
Tosei # 3 (First baseman) Motoyama Yūji
0%
Nishiura Trumpet 2 Nonomiya Shōko
0%
Bijou Dai Sayama # 1 (Pitcher) Takenouchi Yoshito
0%
Sakitama # 9 (Right fielder) Tanaka Mitsuteru
0%
Nishiura Female member 1 Tomoi Ayano
0%
No matching quizzes found
Score Distribution
Percent of People with Each Score
Percentile by Number Answered
Your Score History
You have not taken this quiz